| 000 | 00554nam a2200217Ia 4500 | ||
|---|---|---|---|
| 003 | OSt | ||
| 005 | 20230511142207.0 | ||
| 008 | 210423s2010 xx 000 0 und d | ||
| 020 | _a9780070151383 | ||
| 040 | _cAL | ||
| 041 | _aeng | ||
| 082 |
_a660.63 _223 _bRAOD |
||
| 100 |
_aRAO (D G). _9103171 |
||
| 245 | _aIntroduction to biochemical engineering. | ||
| 250 | _a2 | ||
| 260 |
_aNew Delhi _bTata McGraw-hill _c2010 |
||
| 300 |
_axiii,480 _bPB |
||
| 365 |
_b425 _cINR |
||
| 906 | _abiochemical ; engineering. ; Introduction | ||
| 942 |
_2ddc _cBK |
||
| 999 |
_c164225 _d164225 |
||